Higiene mental: dinámica del ajuste psíquico
Gardado en:
| Autor Principal: | |
|---|---|
| Formato: | Libro |
| Idioma: | Lingua castelá |
| Publicado: |
Ciudad de México
Continental
1972
|
| Subjects: | |
| Tags: |
Engadir etiqueta
Sen Etiquetas, Sexa o primeiro en etiquetar este rexistro!
|
MARC
| LEADER | 00000nam a2200000 a 4500 | ||
|---|---|---|---|
| 001 | UCW4525 | ||
| 003 | CL-VaPUC | ||
| 008 | 900517e19720000MX |||||||||||||||||spa|d | ||
| 082 | 0 | 4 | |a 614.58 |b CAR |2 21 |
| 100 | 0 | |a Carroll, Herbert A |e author |9 309311 | |
| 245 | 1 | 0 | |a Higiene mental: dinámica del ajuste psíquico |
| 300 | |a 415 p | ||
| 942 | |c BK | ||
| 945 | |d 19900517 00:00:00 | ||
| 260 | |a Ciudad de México |b Continental |c 1972 | ||
| 650 | 0 | |a Salud mental |9 308393 | |
| 650 | 0 | |a Psicología del niño |9 307305 | |
| 583 | |a last modification |c 20130106 10:42:11 |k Rodrigo Vera | ||
| 999 | |c 218248 |d 218246 | ||
| 952 | |0 0 |1 0 |4 0 |6 614_580000000000000_CAR_1972 |7 0 |8 P |9 207424 |a BIBEDU |b BIBEDU |c BIBEDU_PB |d 2019-11-15 |i 2751917 |o 614.58 CAR 1972 |p 2751917 |r 2024-01-25 |w 2019-11-15 |y BK |k EDU | ||